| 000 | 00722nam a22002057a 4500 | ||
|---|---|---|---|
| 005 | 20250723150603.0 | ||
| 008 | 250723b |||||||| |||| 00| 0 eng d | ||
| 020 | _a9789789362455 | ||
| 040 |
_aNLN _bEnglish |
||
| 050 |
_aDT515.83 _b.A479 A479 |
||
| 082 | _a922.8 | ||
| 100 |
_aAMAEFULA, Nneoma Comfort _eaut _966873 |
||
| 245 |
_aGods finger on a man : _bbiography of Rerd(Dr) Amaefula Frank Uchechukwu JP / _cAmaefula Nneoma Comfort |
||
| 260 |
_aSurulere, Lagos State (17, Association Avenue Ijesha) : _bJohpa Services, _c2013 |
||
| 300 |
_axiii, 212p. : _bill. , ports. ; 21cm |
||
| 563 | _a(pbk) | ||
| 650 |
_aAmaefula, Frank Uchechukwu _966874 |
||
| 650 |
_aEvangeliste _vNigeria _xBiography _966875 |
||
| 942 |
_cBK _n0 |
||
| 999 |
_c32937 _d32937 |
||